Thiết kế hoạt động khám phá trong dạy học phần trao đổi vật chất và năng lượng ở thực vật -Sinh học 11: Khóa luận tốt nghiệp
Trình bày về thiết kế và sử dụng các hoạt động tích cực để dạy học phần chuyển hóa vật chất và năng lượng ở thực vật; Sử dụng hoạt động khám phá trong thiết kế giáo án giảng dạy.
Đã lưu trong:
| Tác giả chính: | |
|---|---|
| Định dạng: | Sách |
| Năm xuất bản: |
Quảng Bình:
[k.đ],
2012
|
| Chủ đề: | |
| Tags: |
Thêm thẻ
Không có thẻ, Hãy là người đầu tiên gắn thẻ bản ghi này!
|
| LEADER | 00921nam a2200145 4500 | ||
|---|---|---|---|
| 082 | |a 570.71 |b H407TH | ||
| 100 | |a Hoàng Thị Tuyết Nhung | ||
| 245 | |a Thiết kế hoạt động khám phá trong dạy học phần trao đổi vật chất và năng lượng ở thực vật -Sinh học 11: |b Khóa luận tốt nghiệp |c Hoàng Thị Tuyết Nhung; Lê Khắc Diễn hướng dẫn | ||
| 260 | |a Quảng Bình: |b [k.đ], |c 2012 | ||
| 300 | |a 61tr.; |c 29cm. | ||
| 520 | |a Trình bày về thiết kế và sử dụng các hoạt động tích cực để dạy học phần chuyển hóa vật chất và năng lượng ở thực vật; Sử dụng hoạt động khám phá trong thiết kế giáo án giảng dạy. | ||
| 653 | |a Sinh học | ||
| 942 | |2 ddc |c KL | ||
| 999 | |c 12689 |d 12689 | ||
| 952 | |0 0 |1 0 |2 ddc |4 0 |6 570_710000000000000_H407TH |7 0 |8 500 |9 105857 |a qbu |b qbu |c D1 |d 2016-03-21 |o 570.71 H407TH |p LA106.c1 |r 0000-00-00 |w 2016-03-21 |y KL | ||